Normal view
MARC view
- Khyber Pakhtunkhwa (Pakistan)
Entry Geographic Name
001 - CONTROL NUMBER
- control field: 5390
003 - CONTROL NUMBER IDENTIFIER
- control field: NUST
005 - DATE AND TIME OF LATEST TRANSACTION
- control field: 20171012110826.0
008 - FIXED-LENGTH DATA ELEMENTS
- fixed length control field: 171012|| aca||aabn | a|a d
040 ## - CATALOGING SOURCE
- Original cataloging agency: NUST
- Transcribing agency: NUST
151 ## - HEADING--GEOGRAPHIC NAME
- Geographic name: Khyber Pakhtunkhwa (Pakistan)
- General subdivision: Politics and government
- Chronological subdivision: 20th century.
670 ## - SOURCE DATA FOUND
- Source citation: Work cat.: (NUST)0: Mehra, Parshotam. 5389, The North-West Frontier drama, 1945-1947 :, 1998.
